Costa Rica. Parte 2

Gardado en:
Detalles Bibliográficos
Autor Corporativo: FLACSO
Formato: Texto
Publicado: San José: FLACSO
Etiquetas: Engadir etiqueta
Sen Etiquetas, Sexa o primeiro en etiquetar este rexistro!

MARC

LEADER 00000 a a2200000 04500
001 23970
003
040
090 |a 170103  
110 |a FLACSO  
245 |a Costa Rica. Parte 2  
260 |a San José:   |b FLACSO  
999 |c 16168  |d 16168